Score 0/20 Timer 04:00
0 Plays Today
Question Answer Wrong Answers
Count Dooku Star Wars
92.2%
Star Trek
4%
Padmé Amidala Star Wars
92.2%
Star Trek
4%
Lando Calrissian Star Wars
92%
Star Trek
4.2%
Kathryn Janeway Star Trek
91.5%
Star Wars
4.8%
Seven of Nine Star Trek
89.7%
Star Wars
6.4%
Supreme Leader Snoke Star Wars
89.6%
Star Trek
6.8%
Nyota Uhura Star Trek
87%
Star Wars
9.1%
Bib Fortuna Star Wars
84.8%
Star Trek
10.9%
Neelix Star Trek
82.2%
Star Wars
14.1%
Martok Star Trek
78.7%
Star Wars
17.2%
Maz Kanata Star Wars
78.2%
Star Trek
17.4%
Hoshi Sato Star Trek
77.8%
Star Wars
18.3%
Tasha Yar Star Trek
77%
Star Wars
18.8%
Darien Wallace Star Trek
76.7%
Star Wars
19.2%
Captain Phasma Star Wars
75.1%
Star Trek
20.7%
Elim Garak Star Trek
74%
Star Wars
22.1%
Plo Koon Star Wars
73.6%
Star Trek
22.4%
Nute Gunray Star Wars
73.6%
Star Trek
22.2%
Jadzia Dax Star Trek
71%
Star Wars
25.1%
General Cassio Tagge Star Wars
66.4%
Star Trek
29.5%

Today's Daily Dose

You're not logged in!

Compare scores with friends on all Sporcle quizzes.
OR
Log In

Sporcle TV

Today on Sporcle TV


Watch our educational content, quiz creation guides, and fun videos on Sporcle TV.

Show Comments

Extras

Top Quizzes Today


Score Distribution

Paid Content

Your Account Isn't Verified!

In order to create a playlist on Sporcle, you need to verify the email address you used during registration. Go to your Sporcle Settings to finish the process.

Report this User

Report this user for behavior that violates our Community Guidelines.

Details: